[Event "Belgrade-chT"]
[Site "Belgrade"]
[Date "2014.10.05"]
[Round "2"]
[White "Jocic, Slavoljub"]
[Black "Vulinovic, Radivoje"]
[Result "1/2-1/2"]
[WhiteElo "2200"]
[BlackElo "2219"]
[PlyCount "40"]
[EventDate "2014.10.04"]
[EventType "team-tourn"]
[EventRounds "13"]
[EventCountry "SRB"]
[SourceTitle "EXT 2015"]
[Source "ChessBase"]
[SourceDate "2014.11.20"]
[SourceVersion "1"]
[SourceVersionDate "2014.11.20"]
[SourceQuality "1"]

1. d4 d5 2. Nf3 Nf6 3. Bf4 c5 4. c3 Qb6 5. Qb3 c4 6. Qxb6 axb6 7. Bxb8 Rxb8 8. b3 b5 9. e3 Ra8 10. a4 Ne4 11. Nfd2 Nxd2 12. Kxd2 Bd7 13. Na3 e6 14. Be2 b4 15. Nb5 Rc8 16. bxc4 dxc4 17. Rhb1 b3 18. Bf3 Rb8 19. Be2 Rc8 20. Bf3 Rb8 1/2-1/2

[Event "Belgrade-chT"]
[Site "Belgrade"]
[Date "2009.10.07"]
[Round "4"]
[White "Popovic, Aleksandar M"]
[Black "Jocic, Slavoljub"]
[Result "1-0"]
[WhiteElo "2300"]
[BlackElo "2258"]
[PlyCount "29"]
[EventDate "2009.10.04"]
[EventType "team-tourn"]
[EventRounds "9"]
[EventCountry "YUG"]
[SourceTitle "CBM 132 Extra"]
[Source "ChessBase"]
[SourceDate "2009.11.03"]
[SourceVersion "1"]
[SourceVersionDate "2009.11.03"]
[SourceQuality "1"]

1. e4 g6 2. d4 Bg7 3. h4 d5 4. e5 h5 5. Bg5 c5 6. dxc5 Nc6 7. Nc3 d4 8. Nb5 Bxe5 9. Nf3 Bg4 10. Qd2 Bxf3 11. gxf3 Nf6 12. Bc4 a6 13. Na3 Nd5 14. f4 Bc7 15. 0-0-0 1-0

[Event "Belgrade-chT Quality"]
[Site "Belgrade"]
[Date "2008.11.12"]
[Round "11"]
[White "Sarenac, David"]
[Black "Jocic, Slavoljub"]
[Result "1/2-1/2"]
[WhiteElo "2241"]
[BlackElo "2257"]
[PlyCount "54"]
[EventDate "2008.11.01"]
[EventType "team-swiss"]
[EventRounds "11"]
[EventCountry "YUG"]
[SourceTitle "CBM 127 Extra"]
[Source "ChessBase"]
[SourceDate "2009.01.08"]
[SourceVersion "2"]
[SourceVersionDate "2009.01.28"]
[SourceQuality "1"]

1. e4 c5 2. Nc3 g6 3. g3 Bg7 4. Bg2 d6 5. f4 Nc6 6. d3 e6 7. Nf3 Nge7 8. 0-0 Nd4 9. Be3 0-0 10. e5 Nef5 11. Bf2 Nxf3+ 12. Qxf3 Nd4 13. Qd1 dxe5 14. fxe5 Bxe5 15. Ne4 Bd7 16. c3 Nf5 17. Nxc5 Bc6 18. Nxb7 Bxb7 19. Bxb7 Rb8 20. Bg2 Rxb2 21. d4 Bg7 22. Qc1 Qb8 23. Rb1 Rxb1 24. Qxb1 Qc7 25. Qd3 Rd8 26. Rb1 Qa5 27. g4 Nd6 1/2-1/2

[Event "Belgrade-chT Quality"]
[Site "Belgrade"]
[Date "2008.11.10"]
[Round "9"]
[White "Elez, Nikola"]
[Black "Jocic, Slavoljub"]
[Result "0-1"]
[WhiteElo "2077"]
[BlackElo "2257"]
[PlyCount "69"]
[EventDate "2008.11.01"]
[EventType "team-swiss"]
[EventRounds "11"]
[EventCountry "YUG"]
[SourceTitle "CBM 127 Extra"]
[Source "ChessBase"]
[SourceDate "2009.01.08"]
[SourceVersion "2"]
[SourceVersionDate "2009.01.28"]
[SourceQuality "1"]

1. e4 c5 2. b3 d6 3. Bb2 Nf6 4. Bb5+ Bd7 5. Bxd7+ Qxd7 6. d3 Nc6 7. Ne2 e6 8. 0-0 Be7 9. Nd2 Qc7 10. f4 0-0 11. h3 d5 12. Ng3 dxe4 13. Ndxe4 Nd5 14. Qf3 f5 15. Ng5 Bxg5 16. fxg5 Rad8 17. Rae1 g6 18. Qf2 Qd6 19. a3 Nd4 20. Rc1 e5 21. b4 b6 22. bxc5 Qxc5 23. Kh1 Nf4 24. Bxd4 Qxd4 25. Qxd4 Rxd4 26. Rce1 Kf7 27. Kg1 Ke6 28. Ne2 Nxe2+ 29. Rxe2 Rh4 30. Rb1 Rh5 31. Rb5 Rxg5 32. d4 e4 33. a4 Rg3 34. a5 Kd6 35. c4 0-1